Programa de Investigación Identidad Cultural Latinoamericana /
Na minha lista:
| Autores principales: | , , |
|---|---|
| Formato: | Livro |
| Idioma: | Spanish |
| Publicado em: |
San José, Costa Rica
Universidad de Costa Rica. Facultad de Letras. Escuela de Filología, Linguística y Literatura
1991
|
| Assuntos: | |
| Tags: |
Adicionar Tag
Sem tags, seja o primeiro a adicionar uma tag!
|
MARC
| LEADER | 00000nam a22000007a 4500 | ||
|---|---|---|---|
| 008 | 140624s1991 cr ||||f |||| 000 0 spa d | ||
| 040 | |a cru CIICLA Universidad de Costa Rica | ||
| 082 | |a 306 |b O77p | ||
| 100 | 1 | |a Ortiz Ortiz, María Salvadora | |
| 100 | 1 | |a Bolaños Varela, Ligia María | |
| 100 | 1 | |a Contreras R., Rommel | |
| 245 | 1 | 0 | |a Programa de Investigación Identidad Cultural Latinoamericana / |c María Salvadora Ortiz O, Ligia Bolaños V., Rommel Contreras R. |
| 260 | |a San José, Costa Rica |b Universidad de Costa Rica. Facultad de Letras. Escuela de Filología, Linguística y Literatura |c 1991 | ||
| 300 | |a 51 páginas | ||
| 610 | |a UNIVERSIDAD DE COSTA RICA. PROGRAMA DE INVESTIGACION EN CULTURA LATINOAMERICANA | ||
| 650 | 1 | 7 | |a AMERICA LATINA |
| 942 | |2 ddc |c BK | ||
| 999 | |c 3312 |d 3312 | ||
